000
00399nam a2200145Ia 4500
008
090124s9999 xx 000 0 und d
082
_b
301745
245
_a
काळोखाची लेक
250
_a
1
260
_b
पदकी सरिता
_c
1986
300
_a
174
630
_a
काळोखाची लेक
730
_a
काळोखाची लेक
942
_c
BOOK
999
_c
191330
_d
191330